00427nam a2200121 4500082001700000100002500017245004800042260007600090300001700166500003900183700002600222856005700248 aMS-CSE-2 SYE aSyed Tariq Ali Shams aA Link stability based routing metric AQDV  aIslamabad bNust School of Electrical Engineering and Computer Science  a68 PeCD-ROM aSupervisor; Dr.Adnan Khalid Kiani  aSyed Tariq Ali Shams  uhttp://10.250.8.41:8080/xmlui/handle/123456789/31390